| 000 | 00861nam a22002297a 4500 | ||
|---|---|---|---|
| 999 |
_c13932 _d13932 |
||
| 003 | AR-CdUCM | ||
| 008 | 190417b ||||| |||| 00| 0 spa d | ||
| 040 |
_aMUNICIPALIDAD PROVINCIAL DEL CUSCO _cBIBLIOTECA MUNICIPAL DEL CUSCO |
||
| 082 |
_24ed. _a701.18 / _bR73 |
||
| 100 |
_aRodin, Auguste, _932556 |
||
| 245 | _aEl arte / | ||
| 260 |
_aBuenos Aires : _bEl ateneo, _c1955. |
||
| 300 |
_a222 paginas ; _bIlustraciones, _c20 cm. |
||
| 500 | _aTitulo original :"L´art" | ||
| 505 | _aContenido :El realismo en el arte -- En la naturaleza todo es bello para el artista -- El modelado -- El movimiento en el arte -- El dibujo y el color... | ||
| 650 |
_aIlustraciones _914631 |
||
| 650 |
_aObras de arte _913563 |
||
| 650 |
_aHistoria del Arte _91647 |
||
| 700 |
_aEspaña, José de (Traductor) _932557 |
||
| 942 |
_2ddc _cLIBROS |
||
| 945 |
_awnts _d2019-04-17 |
||